[Event "Sparkassen-Open J"]
[Site "Heusenstamm, Martinsee"]
[Date "2019.11.24"]
[Round "5.17"]
[White "Ninnemann, Patrick"]
[Black "Rempe, Lennik"]
[Result "0-1"]
[WhiteElo "892"]
[BlackElo "1167"]
[PlyCount "44"]
[EventDate "2019.??.??"]
[WhiteTeam "SC Bad Soden"]
[BlackTeam "SK Doppelbauer Kiel"]

1. e4 e5 2. Nf3 Nc6 3. Bb5 a6 4. Bxc6 dxc6 5. Nxe5 Qd4 6. Ng4 Qxe4+ 7. Ne3 Nf6
8. O-O Qg6 9. Kh1 Bd6 10. Re1 O-O 11. h3 Qh6 12. d3 Bxh3 13. Nf5 Bxg2+ 14. Kxg2
Qh2+ 15. Kf1 Qh1+ 16. Ke2 Qh5+ 17. f3 Qxf5 18. Rg1 Rfe8+ 19. Kf1 Qh3+ 20. Rg2
Bc5 21. b3 Qh1+ 22. Rg1 Qxg1# 0-1

[Event "Sparkassen-Open J"]
[Site "Heusenstamm, Martinsee"]
[Date "2019.11.24"]
[Round "5.18"]
[White "Neininger, Pascal"]
[Black "Grebe, Sabrina"]
[Result "1/2-1/2"]
[WhiteElo "862"]
[BlackElo "1030"]
[PlyCount "80"]
[EventDate "2019.??.??"]
[WhiteTeam "SV Oberursel"]
[BlackTeam "SC Heusenstamm"]

1. e4 e5 2. Nf3 Nc6 3. d4 exd4 4. Bc4 Bc5 5. c3 d6 6. cxd4 Bb4+ 7. Bd2 Bxd2+ 8.
Qxd2 Qe7 9. O-O Nf6 10. e5 Ne4 11. Qe3 Bf5 12. Bd3 d5 13. Nbd2 Bg4 14. Nxe4
dxe4 15. Qxe4 Bxf3 16. Qxf3 Nxd4 17. Qg4 Ne6 18. f4 Qc5+ 19. Rf2 O-O-O 20. Bf5
Kb8 21. Bxe6 Rd2 22. Raf1 fxe6 23. Qf3 Rhd8 24. h3 R8d3 25. Qg4 Rxf2 26. Rxf2
Rd2 27. Qh4 a6 28. Kf1 Rxf2+ 29. Qxf2 Qc1+ 30. Qe1 Qxf4+ 31. Kg1 Qd4+ 32. Qf2
Qxe5 33. Qf8+ Ka7 34. Qe7 b5 35. Kh1 Kb7 36. g4 Qxb2 37. Qxe6 a5 38. Qd5+ Kb8
39. Qd8+ Kb7 40. Qd5+ c6 1/2-1/2

[Event "Sparkassen-Open J"]
[Site "Heusenstamm, Martinsee"]
[Date "2019.11.24"]
[Round "5.19"]
[White "Carls, Bela"]
[Black "Henzelmann, Matthias"]
[Result "1/2-1/2"]
[WhiteElo "1016"]
[BlackElo "843"]
[PlyCount "115"]
[EventDate "2019.??.??"]
[WhiteTeam "Frankfurter TV"]
[BlackTeam "SK Gießen"]

1. e4 d5 2. Nc3 d4 3. Nd5 Nf6 4. Nxf6+ exf6 5. Bc4 Nc6 6. Nf3 Bd6 7. d3 O-O 8.
O-O Qe8 9. b3 Be6 10. Bb2 Bxc4 11. dxc4 Be5 12. Nxd4 Qd8 13. Nxc6 bxc6 14. Bxe5
fxe5 15. Qxd8 Rfxd8 16. f4 f6 17. f5 Rd2 18. c3 Rc2 19. Rac1 Rxa2 20. b4 Ra4
21. c5 Ra2 22. Rfd1 Re2 23. Re1 Rd2 24. Kf1 g6 25. fxg6 hxg6 26. Re2 Rad8 27.
Rxd2 Rxd2 28. Ra1 Rc2 29. Rxa7 Rc1+ 30. Ke2 Rxc3 31. Rxc7 Rc4 32. Rxc6 Rxb4 33.
Rc8+ Kf7 34. c6 Rxe4+ 35. Kf3 Rc4 36. c7 Rc6 37. h4 Ke7 38. g4 Kd7 39. Rg8 f5
40. gxf5 gxf5 41. Rg7+ Kc8 42. Rf7 f4 43. Re7 Rxc7 44. Rxe5 Rh7 45. Kg4 f3 46.
Rf5 Rg7+ 47. Kxf3 Kd8 48. h5 Ke7 49. Kf4 Ke6 50. Rg5 Rxg5 51. Kxg5 Kf7 52. h6
Kg8 53. Kh5 Kh8 54. Kg6 Kg8 55. Kh5 Kh8 56. Kg6 Kg8 57. h7+ Kh8 58. Kh6 1/2-1/2

[Event "Sparkassen-Open J"]
[Site "Heusenstamm, Martinsee"]
[Date "2019.11.24"]
[Round "5.20"]
[White "Tobias, Franziska Ylvi"]
[Black "von Knorre, Christoph"]
[Result "1-0"]
[WhiteElo "1266"]
[BlackElo "1011"]
[PlyCount "43"]
[EventDate "2019.??.??"]
[WhiteTeam "SV Oberursel"]
[BlackTeam "VSG Offenbach"]

1. e4 e5 2. Nf3 Nc6 3. Bc4 Bc5 4. c3 Nf6 5. d4 exd4 6. cxd4 Bb4+ 7. Bd2 Nxe4 8.
Bxb4 Nxb4 9. Bxf7+ Kxf7 10. Qb3+ d5 11. Ne5+ Ke8 12. Qxb4 Rf8 13. O-O b6 14.
Nd2 c5 15. dxc5 bxc5 16. Qb5+ Bd7 17. Qb7 Be6 18. Nxe4 dxe4 19. Rad1 Qc8 20.
Qxg7 Rg8 21. Qxh7 Bh3 22. Qf7# 1-0

[Event "Sparkassen-Open J"]
[Site "Heusenstamm, Martinsee"]
[Date "2019.11.24"]
[Round "5.21"]
[White "Henrich, Leonard"]
[Black "Plaumann, Finja"]
[Result "1-0"]
[WhiteElo "1006"]
[BlackElo "820"]
[PlyCount "75"]
[EventDate "2019.??.??"]
[WhiteTeam "MS Halver-Schalksmühle"]
[BlackTeam "SF Heidesheim"]

1. d4 d5 2. Nf3 Nc6 3. Bf4 e6 4. e3 Nf6 5. h3 Bd6 6. Ne5 Bd7 7. Nd2 O-O 8. Bd3
Nb4 9. Ndf3 Nxd3+ 10. Qxd3 g6 11. O-O Qe8 12. Bh6 Bb5 13. c4 Bxc4 14. Nxc4 dxc4
15. Qxc4 b5 16. Qd3 a6 17. Bxf8 Qxf8 18. Rac1 Rc8 19. Ne5 Qd8 20. Rc6 Bxe5 21.
Rxa6 c6 22. Qc3 Qe8 23. dxe5 Ne4 24. Qb4 c5 25. Qxe4 c4 26. b3 c3 27. Rc1 Rc7
28. a4 bxa4 29. bxa4 Qc8 30. Ra8 Rc4 31. Rxc8+ Rxc8 32. Ra1 c2 33. Rc1 Rc3 34.
a5 Ra3 35. Qa8+ Kg7 36. Qd8 Rc3 37. a6 Ra3 38. Qc8 1-0

[Event "Sparkassen-Open J"]
[Site "Heusenstamm, Martinsee"]
[Date "2019.11.24"]
[Round "5.24"]
[White "Angrick, Otto-Nikolaus"]
[Black "Ramien, Eva"]
[Result "1-0"]
[WhiteElo "974"]
[BlackElo "798"]
[PlyCount "57"]
[EventDate "2019.??.??"]
[WhiteTeam "MSA Zugzwang"]
[BlackTeam "SG Porz"]

1. e4 e5 2. Nf3 Nc6 3. Nc3 Bc5 4. Nxe5 Nxe5 5. d4 Bxd4 6. Qxd4 Nc6 7. Qd1 Nf6
8. Bb5 O-O 9. Bxc6 dxc6 10. Qxd8 Rxd8 11. Bg5 Re8 12. Bxf6 gxf6 13. O-O Re7 14.
Rad1 Be6 15. b3 Bd7 16. Rd3 Kf8 17. Rfd1 Rd8 18. f4 b5 19. e5 fxe5 20. fxe5 b4
21. Ne4 a5 22. Nf6 c5 23. Nxd7+ Ke8 24. Nf6+ Kf8 25. Rxd8+ Kg7 26. g4 Rxe5 27.
Rf1 Re2 28. g5 Rxc2 29. Rg8# 1-0

[Event "Sparkassen-Open J"]
[Site "Heusenstamm, Martinsee"]
[Date "2019.11.24"]
[Round "5.25"]
[White "Akcapinar, Timur"]
[Black "Hott, Arthur"]
[Result "0-1"]
[WhiteElo "1106"]
[BlackElo "782"]
[Annotator "Schloessner,Henrik"]
[PlyCount "59"]
[EventDate "2019.??.??"]
[WhiteTeam "SF Essen-Werden"]
[BlackTeam "SC Bad Soden"]

1. e4 e5 2. Nf3 Nc6 3. d4 d6 4. dxe5 dxe5 5. Qxd8+ Kxd8 6. Bb5 f6 7. O-O Bd7 8.
Rd1 Nge7 9. Nc3 a6 10. Bxc6 Nxc6 11. Be3 Ke8 12. Nd5 Rc8 13. Rd2 Be7 14. Rad1
Be6 15. Nxe7 Nxe7 16. Bc5 b6 17. Bxe7 Kxe7 18. a4 a5 19. c3 c5 20. Nh4 g6 21.
Rd6 Rb8 22. Rc6 Rhd8 23. Rxd8 Rxd8 24. h3 Rb8 25. Rc7+ Bd7 26. g3 Kd8 27. Ra7
h5 28. Nxg6 Bxa4 29. g4 hxg4 30. h4 {Offenbar gab es hier ein Problem mit den
en passant-Regeln: g4xh3, was aber nicht erlaubt ist, da der h-Bauer keinen
Doppelschritt machte, sondern von h3 kam. 0-1 (42)} 0-1

[Event "Sparkassen-Open J"]
[Site "Heusenstamm, Martinsee"]
[Date "2019.11.24"]
[Round "5.26"]
[White "Yang, Sophie"]
[Black "Angrick, Carl-Friedrich"]
[Result "0-1"]
[WhiteElo "849"]
[BlackElo "1146"]
[PlyCount "60"]
[EventDate "2019.??.??"]
[WhiteTeam "SK Mannheim-Lindenhof"]
[BlackTeam "MSA Zugzwang"]

1. e4 e5 2. f4 f6 3. Nf3 Nc6 4. Be2 Bc5 5. Nc3 Nge7 6. d3 d6 7. Nd5 Be6 8. Nc3
f5 9. Bd2 fxe4 10. dxe4 O-O 11. fxe5 dxe5 12. Bg5 Qxd1+ 13. Rxd1 Ng6 14. Kd2
Nf4 15. Bxf4 Rxf4 16. g3 Rff8 17. Kc1 Be3+ 18. Kb1 Bh3 19. Bc4+ Kh8 20. Bf1 Bg4
21. Bg2 Bxf3 22. Bxf3 Rxf3 23. Rd3 Raf8 24. Rdd1 Bd4 25. Nd5 Bb6 26. a3 h6 27.
Nc3 Ne7 28. Rd7 Nc6 29. Nd5 Rc8 30. Nxb6 axb6 0-1

[Event "Sparkassen-Open J"]
[Site "Heusenstamm, Martinsee"]
[Date "2019.11.24"]
[Round "5.27"]
[White "Schilling, Pascal"]
[Black "Müller, Mirelle-Fabienne"]
[Result "1-0"]
[WhiteElo "838"]
[BlackElo "847"]
[PlyCount "97"]
[EventDate "2019.??.??"]
[WhiteTeam "SV Ffm-Griesheim"]
[BlackTeam "SC Landskrone"]

1. e4 e5 2. Nf3 Nc6 3. Nc3 Bc5 4. Bc4 Nf6 5. O-O O-O 6. d3 d6 7. Bg5 Bg4 8. h3
Bh5 9. Nd5 h6 10. Nxf6+ gxf6 11. Bxh6 Nd4 12. Bxf8 Qxf8 13. Qd2 Nxf3+ 14. gxf3
Qg7+ 15. Kh2 Bxf3 16. Rg1 Qxg1+ 17. Rxg1+ Kf8 18. Qh6+ Ke7 19. Qh7 Rf8 20. Rg8
Rxg8 21. Qxg8 Kd7 22. Bd5 Bh5 23. Bxf7 Bxf7 24. Qxf7+ Kc6 25. h4 d5 26. exd5+
Kb6 27. h5 e4 28. dxe4 Bd6+ 29. Kh3 Bf4 30. Qxf6+ Bd6 31. h6 a5 32. h7 Kc5 33.
h8=Q b5 34. Qxd6+ cxd6 35. c3 Kc4 36. b4 axb4 37. cxb4 Kxb4 38. Qb2+ Kc5 39. f4
Kc4 40. f5 b4 41. f6 b3 42. f7 bxa2 43. f8=Q a1=Q 44. Qxa1 Kd3 45. Qxd6 Kxe4
46. Qde5+ Kd3 47. Qa4 Kd2 48. Qb2+ Ke1 49. Qaa1# 1-0

[Event "Sparkassen-Open J"]
[Site "Heusenstamm, Martinsee"]
[Date "2019.11.24"]
[Round "5.28"]
[White "Gärtner, David"]
[Black "Glavev, Danail"]
[Result "1-0"]
[WhiteElo "958"]
[BlackElo "829"]
[PlyCount "73"]
[EventDate "2019.??.??"]
[WhiteTeam "SF Heidesheim"]
[BlackTeam "SV Oberursel"]

1. c4 e5 2. Nc3 Nc6 3. Nf3 Nf6 4. e4 Bc5 5. g3 b6 6. Bg2 Bb7 7. O-O O-O 8. d3
h6 9. Be3 Bxe3 10. fxe3 d6 11. Nd5 Re8 12. Qe2 Re6 13. Bh3 Re8 14. Nd2 Nxd5 15.
cxd5 Ne7 16. Rf2 Ng6 17. Raf1 f6 18. Bf5 Nf8 19. Qg4 g5 20. Qh5 Kg7 21. Rf3 Ba6
22. Nc4 Bb7 23. Bg4 Nh7 24. Bf5 Nf8 25. g4 Re7 26. Rh3 Kg8 27. Qxh6 Kf7 28.
Rff3 Ke8 29. Qxf6 Rf7 30. Qh6 Bc8 31. Kg2 Bxf5 32. Rxf5 Rh7 33. Rxf8+ Ke7 34.
Qe6+ Kxf8 35. Rxh7 Qe8 36. Qh6+ Kg8 37. Qg7# 1-0

[Event "Sparkassen-Open J"]
[Site "Heusenstamm, Martinsee"]
[Date "2019.11.24"]
[Round "5.29"]
[White "Englert, Ann"]
[Black "Terlinde, Mattis"]
[Result "0-1"]
[WhiteElo "950"]
[BlackElo "807"]
[PlyCount "68"]
[EventDate "2019.??.??"]
[WhiteTeam "TV-Großostheim"]
[BlackTeam "SK Gau-Algesheim"]

1. e4 e5 2. Nf3 Nc6 3. Bb5 Nf6 4. Nc3 Bc5 5. Bxc6 dxc6 6. Nxe5 Qd4 7. O-O Qxe5
8. d3 Bg4 9. Qd2 Bd6 10. g3 Bh3 11. d4 Qa5 12. Re1 Bb4 13. e5 Nd5 14. a3 Bxc3
15. bxc3 Nxc3 16. Re3 Qd5 17. f3 Nb5 18. a4 Nxd4 19. Re4 Nxf3+ 20. Kf2 Nxd2 21.
Bxd2 Qxe4 22. Re1 Qg2+ 23. Ke3 Rd8 24. Bb4 Qxc2 25. Ra1 Qd3+ 26. Kf2 Qd4+ 27.
Kf3 Qxa1 28. g4 Qxa4 29. Bc3 Qa3 30. Ke4 Qxc3 31. Kf4 Rd4+ 32. Kf5 Bxg4+ 33.
Kg5 Re4 34. h4 Qxe5# 0-1

[Event "Sparkassen-Open J"]
[Site "Heusenstamm, Martinsee"]
[Date "2019.11.24"]
[Round "5.31"]
[White "Paschedag, Vivien"]
[Black "Gärtner, Anna"]
[Result "0-1"]
[WhiteElo "923"]
[BlackElo "779"]
[PlyCount "36"]
[EventDate "2019.??.??"]
[WhiteTeam "SC Heusenstamm"]
[BlackTeam "SF Heidesheim"]

1. e4 e6 2. d4 d5 3. e5 Nc6 4. Nf3 g6 5. Bb5 Bd7 6. Nc3 Bg7 7. O-O Nge7 8. Bg5
a6 9. Ba4 b5 10. Bb3 O-O 11. Qd2 h6 12. Bxh6 Bxh6 13. Qxh6 Nf5 14. Qh3 Nfxd4
15. Rad1 Nxf3+ 16. Qxf3 d4 17. Ne4 Nxe5 18. c3 Nxf3+ 0-1

[Event "Sparkassen-Open J"]
[Site "Heusenstamm, Martinsee"]
[Date "2019.11.24"]
[Round "5.32"]
[White "Heidtkamp, Anna"]
[Black "Hartl, Maximilian"]
[Result "0-1"]
[WhiteElo "788"]
[BlackElo "890"]
[PlyCount "90"]
[EventDate "2019.??.??"]
[WhiteTeam "Düsseldorfer SV"]
[BlackTeam "TSV Landsberg"]

1. e4 e5 2. Nf3 Nc6 3. Bc4 Bc5 4. c3 Nf6 5. d4 exd4 6. cxd4 Bb4+ 7. Bd2 Nxe4 8.
Bxb4 Nxb4 9. Bxf7+ Kxf7 10. Qb3+ Ke8 11. Qxb4 d6 12. O-O Qe7 13. Re1 Bf5 14.
Nc3 a5 15. Qxb7 Rd8 16. Nh4 Qxh4 17. Qc6+ Rd7 18. f3 Qf2+ 19. Kh1 Qxd4 20. fxe4
Be6 21. Rad1 Qb4 22. Rd2 Bxa2 23. e5 Qh4 24. Ree2 Kd8 25. Nxa2 Rf8 26. g3 Qh3
27. Rg2 Rdf7 28. Qa8+ Kd7 29. Rd1 Rxa8 30. b4 a4 31. Kg1 Qg4 32. Rf1 Rxf1+ 33.
Kxf1 Rf8+ 34. Rf2 Qc4+ 35. Ke1 Rxf2 36. Kxf2 Qxa2+ 37. Kf3 Ke6 38. Ke4 dxe5 39.
Ke3 Qxh2 40. Kf3 a3 41. Kg4 a2 42. Kg5 a1=R 43. Kg4 Rg1 44. Kf3 Rxg3+ 45. Ke4
Qh4# 0-1

[Event "Sparkassen-Open J"]
[Site "Heusenstamm, Martinsee"]
[Date "2019.11.24"]
[Round "5.33"]
[White "Kanno, Gabriel Felix"]
[Black "Claussen, Daniela"]
[Result "0-1"]
[WhiteElo "726"]
[BlackElo "870"]
[PlyCount "32"]
[EventDate "2019.??.??"]
[WhiteTeam "SK Altenkirchen"]
[BlackTeam "SF Essen-Werden"]

1. e4 e6 2. Nf3 b6 3. Bc4 Bb7 4. Nc3 Nf6 5. d3 Bb4 6. Bd2 Bxc3 7. Bxc3 O-O 8.
O-O d5 9. exd5 exd5 10. Bb5 d4 11. Bxd4 Qd6 12. Re1 Ng4 13. Be5 Qd5 14. Bc4 Qc6
15. h3 Nxe5 16. Nxe5 Qxg2# 0-1

[Event "Sparkassen-Open J"]
[Site "Heusenstamm, Martinsee"]
[Date "2019.11.24"]
[Round "5.34"]
[White "Culha, Merve"]
[Black "Jäger, Viktoria"]
[Result "0-1"]
[WhiteElo "874"]
[BlackElo "869"]
[PlyCount "50"]
[EventDate "2019.??.??"]
[WhiteTeam "SC Heusenstamm"]
[BlackTeam "SK Bad Homburg"]

1. e4 e5 2. Nf3 Nc6 3. Bc4 Bc5 4. Nc3 d6 5. h3 Be6 6. Bxe6 fxe6 7. d3 Nf6 8.
Bg5 O-O 9. Qe2 Qd7 10. O-O-O Nd4 11. Qd2 Nh5 12. Qe3 Nxf3 13. Qe2 Nxg5 14. Qxh5
Qe7 15. Qh4 Bxf2 16. Rhf1 Bxh4 17. Rxf8+ Rxf8 18. d4 exd4 19. Rxd4 Rf1+ 20. Nd1
Qf6 21. e5 dxe5 22. Rxh4 Nf3 23. Ra4 Qg5+ 24. Rf4 Qxf4+ 25. Kb1 Rxd1# 0-1

[Event "Sparkassen-Open J"]
[Site "Heusenstamm, Martinsee"]
[Date "2019.11.24"]
[Round "5.35"]
[White "Heller, Karan"]
[Black "Sarbu, Carla Alexandra"]
[Result "1/2-1/2"]
[WhiteElo "844"]
[BlackElo "846"]
[Annotator "Schloessner,Henrik"]
[PlyCount "60"]
[EventDate "2019.??.??"]
[WhiteTeam "TuS Dotzheim"]
[BlackTeam "SC Saarlouis"]

1. e4 e5 2. Nf3 Nc6 3. Bc4 Bc5 4. d3 Nf6 5. O-O O-O 6. Qe2 Nd4 7. Nxd4 Bxd4 8.
Be3 d6 9. Bxd4 exd4 10. h3 c6 11. Nd2 Qe8 12. Nf3 d5 13. Bb3 dxe4 14. Nxd4 Qe5
15. c3 Qg5 16. dxe4 Bxh3 17. Qf3 Bc8 18. Rae1 Qe5 19. Re2 Ng4 20. g3 Qh5 21.
Qg2 Ne5 22. Re3 Bh3 23. Qh2 Ng4 24. Bd1 Nxh2 25. Bxh5 Nxf1 26. Re1 Nd2 27. Re2
Rfe8 28. Bxf7+ Kh8 29. Bxe8 Rxe8 30. Rxd2 g6 {Rest der Partie nicht
nachvollziehbar! ½-½ (71)} 1/2-1/2

[Event "Sparkassen-Open J"]
[Site "Heusenstamm, Martinsee"]
[Date "2019.11.24"]
[Round "6.1"]
[White "Eull, Emil"]
[Black "Vick, Edward"]
[Result "1-0"]
[WhiteElo "1504"]
[BlackElo "1242"]
[PlyCount "121"]
[EventDate "2019.??.??"]
[WhiteTeam "SF Neuberg"]
[BlackTeam "TuS Makkabi Wiesbaden"]

1. e4 d5 2. exd5 Nf6 3. Nf3 Nxd5 4. d4 Nc6 5. c4 Nf6 6. Nc3 e6 7. Be2 Bb4 8.
O-O O-O 9. a3 Bxc3 10. bxc3 Re8 11. Re1 e5 12. Bg5 exd4 13. cxd4 h6 14. Bc1 Ne4
15. Bd3 Nf6 16. Rxe8+ Qxe8 17. Be3 Bg4 18. h3 Bxf3 19. Qxf3 Rd8 20. d5 Ne5 21.
Qe2 Nxd3 22. Qxd3 a6 23. Rb1 c6 24. d6 Ne4 25. c5 b5 26. cxb6 Nxd6 27. Qxa6 Ra8
28. Qd3 Nb7 29. Ra1 Qe5 30. Qd4 Qe7 31. a4 Kh7 32. Qc3 Qf6 33. Qxf6 gxf6 34.
Kf1 Kg6 35. Ke2 Ra6 36. Kd3 Kf5 37. Kc4 h5 38. Kb4 Ke5 39. Rc1 Kd6 40. h4 Ra5
41. Bf4+ Kd5 42. Bc7 c5+ 43. Kb3 Kc6 44. g3 Ra8 45. Ra1 Na5+ 46. Kc3 Nb7 47. f3
Re8 48. a5 Re3+ 49. Kc4 Nxa5+ 50. Rxa5 Re1 51. Rxc5+ Kb7 52. Rxh5 Re3 53. Rf5
Re6 54. h5 Re1 55. Rxf6 Rh1 56. g4 Rc1+ 57. Kd4 Rd1+ 58. Ke4 Re1+ 59. Kf5 Rf1
60. f4 Ra1 61. Rxf7 1-0

[Event "Sparkassen-Open J"]
[Site "Heusenstamm, Martinsee"]
[Date "2019.11.24"]
[Round "6.2"]
[White "Kürschner, Liam"]
[Black "Gräßer, Malte"]
[Result "1-0"]
[WhiteElo "1423"]
[BlackElo "1210"]
[PlyCount "51"]
[EventDate "2019.??.??"]
[WhiteTeam "SK Langen"]
[BlackTeam "SF Heidesheim"]

1. c4 e5 2. g3 Nf6 3. Bg2 Bc5 4. d3 O-O 5. Nf3 Nc6 6. O-O h6 7. Nc3 d6 8. e4
Bg4 9. h3 Be6 10. Ne1 Qd7 11. Kh2 Rad8 12. f4 exf4 13. gxf4 Qe7 14. f5 Bc8 15.
Nf3 Nd7 16. Nd5 Qe8 17. Nxc7 Qe7 18. Nd5 Qe8 19. f6 Nxf6 20. Nxf6+ gxf6 21.
Bxh6 Qe7 22. Qe1 Kh8 23. Qh4 Qe6 24. Bg5+ Kg8 25. Bxf6 Be3 26. Qh8# 1-0

[Event "Sparkassen-Open J"]
[Site "Heusenstamm, Martinsee"]
[Date "2019.11.24"]
[Round "6.3"]
[White "Strauß, Florian"]
[Black "Negru, Maximilian"]
[Result "1/2-1/2"]
[WhiteElo "1231"]
[BlackElo "1323"]
[PlyCount "58"]
[EventDate "2019.??.??"]
[WhiteTeam "SV Multatuli Ingelheim e.V."]
[BlackTeam "SK Bad Homburg"]

1. e4 e5 2. Nf3 Nc6 3. Bc4 Bc5 4. O-O Nf6 5. Nc3 d6 6. h3 Be6 7. Bb3 Qd7 8. d3
O-O-O 9. Bg5 h6 10. Bh4 g5 11. Bg3 Nh5 12. Nxe5 Nxe5 13. Qxh5 g4 14. Bxe5 dxe5
15. Bxe6 fxe6 16. Qxe5 Bd4 17. Qh5 g3 18. Nd1 Qg7 19. c3 Bb6 20. d4 Rhg8 21.
Qf3 gxf2+ 22. Nxf2 e5 23. Qg4+ Rd7 24. Qxg7 Rdxg7 25. g4 exd4 26. Kh1 dxc3 27.
bxc3 Rf8 28. Nd3 Rd8 29. Nf4 Rf7 1/2-1/2

[Event "Sparkassen-Open J"]
[Site "Heusenstamm, Martinsee"]
[Date "2019.11.24"]
[Round "6.4"]
[White "Kanno, Clara Yumi"]
[Black "Yue, Qihang"]
[Result "1-0"]
[WhiteElo "1142"]
[BlackElo "1376"]
[PlyCount "101"]
[EventDate "2019.??.??"]
[WhiteTeam "SK Altenkirchen"]
[BlackTeam "SV Multatuli Ingelheim e.V."]

1. e4 e5 2. Nf3 Nc6 3. Bc4 Bc5 4. O-O Nf6 5. d3 O-O 6. Bg5 d6 7. Re1 Bg4 8. c3
Re8 9. Nbd2 h6 10. Bh4 Qe7 11. Nf1 g5 12. Bg3 Rad8 13. h3 Bh5 14. Bh2 d5 15.
exd5 Nxd5 16. Ng3 Bg6 17. Ne4 Bb6 18. Qc2 Nf6 19. Re2 Nxe4 20. dxe4 Rd7 21. Bd5
Qd6 22. Rd1 Qf6 23. a4 Red8 24. Red2 Qe7 25. b4 a6 26. a5 Ba7 27. Bg3 Rd6 28.
Qb3 R8d7 29. c4 Bxe4 30. Bxe4 Rxd2 31. Rxd2 Rxd2 32. Nxd2 Nd4 33. Qb2 Ne2+ 34.
Kf1 Bd4 35. Qb3 Nc3 36. Bxb7 Qd6 37. c5 Qd8 38. Bxa6 Bxf2 39. Bxf2 Qxd2 40. Bc4
Qc1+ 41. Be1 Qf4+ 42. Kg1 Ne4 43. Qf3 Qxf3 44. gxf3 Nf6 45. a6 Nd7 46. a7 Nb6
47. cxb6 cxb6 48. a8=Q+ Kg7 49. Qe8 f5 50. Qg8+ Kf6 51. Qf7# 1-0

[Event "Sparkassen-Open J"]
[Site "Heusenstamm, Martinsee"]
[Date "2019.11.24"]
[Round "6.6"]
[White "Kamleiter, Noah"]
[Black "Richter, Johanna"]
[Result "1/2-1/2"]
[WhiteElo "1395"]
[BlackElo "1002"]
[PlyCount "88"]
[EventDate "2019.??.??"]
[WhiteTeam "TSV Bindlach Aktionär"]
[BlackTeam "SF Heidesheim"]

1. e4 d6 2. d4 Nf6 3. Nc3 g6 4. Nf3 Bg7 5. Bf4 O-O 6. Bd3 c6 7. a4 Nbd7 8. O-O
a5 9. Re1 d5 10. e5 Ne8 11. Qd2 Nb6 12. b3 Bg4 13. Nh4 e6 14. g3 Nc7 15. f3 Bf5
16. Nxf5 exf5 17. Bh6 Re8 18. Bxg7 Kxg7 19. Qf2 Ne6 20. Rf1 Ng5 21. Kg2 Rc8 22.
g4 fxg4 23. fxg4 Rf8 24. h4 Ne6 25. Kh3 Rc7 26. Rg1 Qe7 27. h5 Qg5 28. Raf1
Rcc8 29. Qf6+ Qxf6 30. Rxf6 Ng5+ 31. Kh4 Ne6 32. hxg6 fxg6 33. Rxe6 Rc7 34.
Nxd5 Nxd5 35. Rf1 Rxf1 36. Bxf1 Rf7 37. Bg2 Nf4 38. Rf6 Nxg2+ 39. Kg3 Ne3 40.
Rxf7+ Kxf7 41. c4 Ke6 42. Kf4 Nc2 43. Ke4 b6 44. d5+ cxd5+ 1/2-1/2

[Event "Sparkassen-Open J"]
[Site "Heusenstamm, Martinsee"]
[Date "2019.11.24"]
[Round "6.7"]
[White "Schmidt, Moritz"]
[Black "Rodermel, Leonie"]
[Result "0-1"]
[WhiteElo "1095"]
[BlackElo "1097"]
[PlyCount "118"]
[EventDate "2019.??.??"]
[WhiteTeam "SVG Plettenberg"]
[BlackTeam "SV Oberursel"]

1. e4 e5 2. Nf3 Nc6 3. Bc4 Bc5 4. c3 d6 5. O-O Bg4 6. h3 Bh5 7. d3 h6 8. Nbd2
Nf6 9. Re1 O-O 10. Qb3 Na5 11. Qc2 Nxc4 12. dxc4 Qd7 13. Nh4 Rfe8 14. Nf5 Qc6
15. Nb3 Bb6 16. Qd3 Rad8 17. Qg3 Bg6 18. Qd3 Nxe4 19. Qxe4 Qxe4 20. Rxe4 Bxf5
21. Re1 Re6 22. Be3 Bxe3 23. Rxe3 b6 24. Rd1 Bc2 25. Rd2 Bxb3 26. axb3 g6 27.
b4 c6 28. c5 d5 29. cxb6 axb6 30. c4 d4 31. Kf1 Kg7 32. Ra3 g5 33. Ra6 Rb8 34.
g3 f5 35. f4 exf4 36. gxf4 gxf4 37. Rxd4 Re3 38. Rxf4 Rxh3 39. Rxf5 Rb3 40. Ra4
Rxb2 41. Rf2 Rxf2+ 42. Kxf2 Rf8+ 43. Kg3 Rf7 44. Ra6 Rb7 45. c5 bxc5 46. bxc5
Rc7 47. Rb6 Kg6 48. Kg4 h5+ 49. Kh4 Kh6 50. Ra6 Kg6 51. Kg3 Kg5 52. Kg2 Kf5 53.
Ra1 Rg7+ 54. Kf3 Rg6 55. Ke3 h4 56. Kd4 Rg4+ 57. Kc3 Ke5 58. Rd1 Rg6 59. Rd3
Rg3 0-1

[Event "Sparkassen-Open J"]
[Site "Heusenstamm, Martinsee"]
[Date "2019.11.24"]
[Round "6.8"]
[White "Müftahi, Tunay"]
[Black "Jumah, Shayan"]
[Result "1-0"]
[WhiteElo "1002"]
[BlackElo "1249"]
[PlyCount "57"]
[EventDate "2019.??.??"]
[WhiteTeam "SK Gründau"]
[BlackTeam "SG Trier"]

1. c4 e6 2. Nc3 d5 3. cxd5 exd5 4. g3 c6 5. Bg2 Nf6 6. Nf3 Bf5 7. O-O Bd6 8. d3
O-O 9. Re1 Qd7 10. e4 Bg4 11. e5 Bxe5 12. Rxe5 Qd6 13. Qe1 Nbd7 14. d4 Rae8 15.
Bf4 Bxf3 16. Rxe8 Qb4 17. Rxf8+ Kxf8 18. Bxf3 Qxb2 19. Rb1 Qa3 20. Rxb7 Qa6 21.
Rc7 h6 22. Rxd7 Nxd7 23. Bd6+ Kg8 24. Qe8+ Kh7 25. Qxd7 Qd3 26. Bg4 Qxc3 27.
Bf5+ g6 28. Qxf7+ Kh8 29. Be5# 1-0

[Event "Sparkassen-Open J"]
[Site "Heusenstamm, Martinsee"]
[Date "2019.11.24"]
[Round "6.9"]
[White "Riemann, Adrian"]
[Black "Gossen, Michael"]
[Result "0-1"]
[WhiteElo "1307"]
[BlackElo "1072"]
[PlyCount "90"]
[EventDate "2019.??.??"]
[WhiteTeam "SK Bickenbach"]
[BlackTeam "TuS Makkabi Wiesbaden"]

1. d4 d5 2. c3 Nf6 3. e3 Bf5 4. Bd3 Bxd3 5. Qxd3 e6 6. Nd2 a6 7. f4 c5 8. Ngf3
Nc6 9. Ne5 Qc7 10. O-O Bd6 11. Ndf3 O-O 12. Bd2 Ne4 13. Be1 f6 14. Nxc6 Qxc6
15. Nd2 f5 16. Nxe4 fxe4 17. Qe2 cxd4 18. cxd4 Rf7 19. Qg4 Be7 20. Bc3 Raf8 21.
Rf2 Rf6 22. Raf1 Qc4 23. a3 Qd3 24. Qh3 Rh6 25. Qg3 Bh4 26. Rd2 Bxg3 27. Rxd3
Bxh2+ 28. Kf2 exd3 29. Ke1 Rg6 30. Kd2 Rxg2+ 31. Kxd3 Rg3 32. Be1 Rh3 33. Ke2
Bg3 34. Bb4 Rf6 35. Bc3 g5 36. Rf3 gxf4 37. exf4 Rxf4 38. Rxf4 Bxf4 39. Kd1
Rh1+ 40. Kc2 Rh2+ 41. Kb3 Bd2 42. Bxd2 Rxd2 43. Kc3 Re2 44. b4 h5 45. Kd3 Re4
0-1

[Event "Sparkassen-Open J"]
[Site "Heusenstamm, Martinsee"]
[Date "2019.11.24"]
[Round "6.10"]
[White "Yang, Marco"]
[Black "Rempe, Lennik"]
[Result "0-1"]
[WhiteElo "1260"]
[BlackElo "1167"]
[PlyCount "114"]
[EventDate "2019.??.??"]
[WhiteTeam "SK Mannheim-Lindenhof"]
[BlackTeam "SK Doppelbauer Kiel"]

1. e4 e5 2. Nf3 Nc6 3. Bc4 Nf6 4. Ng5 d5 5. exd5 Na5 6. Bb5+ c6 7. dxc6 bxc6 8.
Bd3 Be7 9. Ne4 O-O 10. O-O Bb7 11. Nxf6+ Bxf6 12. Nc3 c5 13. Ne4 c4 14. Nxf6+
Qxf6 15. Be2 Qg6 16. Bf3 e4 17. Bh5 Qg5 18. d4 e3 19. Bf3 e2 20. Qxe2 Bxf3 21.
Qxf3 Qg6 22. c3 Rae8 23. Qd5 Nc6 24. Qg5 Qd3 25. Qg4 f5 26. Qg3 Qe2 27. Bh6 Qg4
28. Qxg4 fxg4 29. Be3 h5 30. Rfe1 h4 31. Bg5 h3 32. Rxe8 Rxe8 33. gxh3 gxh3 34.
Bh4 Re6 35. f4 Ne7 36. Re1 Rg6+ 37. Bg5 Nf5 38. Re5 Nh4 39. Kf2 Kf7 40. Bxh4
Rg2+ 41. Kf3 Rxh2 42. Re2 Rxe2 43. Kg3 h2 44. Kf3 h1=Q+ 45. Kxe2 Qxh4 46. Ke3
Qe1+ 47. Kf3 Kf6 48. d5 g5 49. fxg5+ Kxg5 50. a3 Kf5 51. b4 cxb3 52. c4 Qe4+
53. Kf2 b2 54. d6 b1=Q 55. d7 Qbc2+ 56. Kf1 Qf3+ 57. Kg1 Qfg2# 0-1

[Event "Sparkassen-Open J"]
[Site "Heusenstamm, Martinsee"]
[Date "2019.11.24"]
[Round "6.11"]
[White "Claussen, Alexander"]
[Black "Henrich, Leonard"]
[Result "1-0"]
[WhiteElo "1220"]
[BlackElo "1006"]
[PlyCount "77"]
[EventDate "2019.??.??"]
[WhiteTeam "SF Essen-Werden"]
[BlackTeam "MS Halver-Schalksmühle"]

1. d4 d5 2. g3 Nc6 3. Bg2 Bf5 4. c3 e6 5. Qb3 b6 6. Nd2 Bd6 7. e4 dxe4 8. Nxe4
Bxe4 9. Bxe4 Nf6 10. Bxc6+ Nd7 11. Bxa8 Qxa8 12. f3 O-O 13. Be3 e5 14. O-O-O
Nf6 15. dxe5 Bxe5 16. Bd4 Ng4 17. Qc2 Bxd4 18. Rxd4 Ne3 19. Qd3 c5 20. Rh4 h6
21. Qxe3 Re8 22. Re4 Rxe4 23. Qxe4 Qxe4 24. fxe4 f6 25. Ne2 Kf7 26. Nf4 g5 27.
Nd5 Ke6 28. Rf1 Ke5 29. Rxf6 Kxe4 30. Nc7 h5 31. Kd2 Ke5 32. Re6+ Kf5 33. Ke3
g4 34. Re7 a5 35. Nd5 b5 36. Re8 b4 37. cxb4 axb4 38. Nxb4 cxb4 39. Kd4 1-0